000 01215cam a22003257a 4500
003 CHAP
005 20220329141536.0
008 971013s1988 r 00010 d
010 _a69883
011 _a70855
035 _a80408
040 _cCHAP
090 _aTesis
100 0 0 _aLópez Ortiz, Fabián.
_968188
245 0 _aEstructura y comportamiento de la producción agrícola mundial de tabaco en el período, 1961-1986
260 _aChapingo, Méx. :
_bEl autor,
_c1988
300 _ac.a. 113 h.
502 _aTesis (Ing. Agr. esp. en Economía Agrícola) -- UACH. Departamento de Economía Agrícola
590 _aALEPH
_b10
_c20130110
_lUCH01
_h1409
590 _aBATCH-UPD
_b10
_c20130110
_lUCH01
_h2227
590 _aBATCH-UPD
_b10
_c20130410
_lUCH01
_h1523
590 _aBATCH-UPD
_b10
_c20130914
_lUCH01
_h2041
590 _aCONVERSION
_b10
_c20130109
_lUCH01
_h1338
650 1 4 _aTabaco
_xMercadeo.
_9111229
650 1 4 _aTabaco
_xRendimiento.
_9111243
710 0 _aUACH. Departamento de Economía Agrícola. Programa de Investigación sobre el uso del Microcomputador PC en el Análisis de Economía.
_9115864
901 _aBK
942 _cTESIS
949 _bBC
_cTES
_d-33310
_eTS1
_h20639
_i80408
_si
999 _c69883
_d69883